Folleto de Educación: Ciencia y Educación

Saved in:
Bibliographic Details
Main Author: Cossio, Natalia traductora
Other Authors: Milton, John Autor
Format: Unknown
Language:Spanish
Published: Madrid Ediciones de la Lectura 1916
Textbook Catalogue:MANES:  Library Catalog Search Result
Textbook Classification:
Subjects:
Tags: Add Tag
No Tags, Be the first to tag this record!
Added to:2016-04-26

MARC

LEADER 000000000a22000000004500
001 39820
008 160427s sp ||||| |||| 00| 0 spa d
040 |a MANES  |c manes 
100 1 |a Cossio, Natalia traductora 
245 0 0 |a Folleto de Educación: Ciencia y Educación 
260 |a Madrid  |b Ediciones de la Lectura  |c 1916 
300 |a 54p.  |c 11,5 x 17,5 
500 |a La obra es un tratado de educación escrito por John Milton en 1644, pero basado en la reedición posterior de 1673. Tiene un prologo que cuenta la vida del autor. 
546 |a España 
650 7 |a Pedagogía 
700 1 |a Milton, John Autor 
942 |2 ddc  |c BK 
999 |c 44136  |d 44136 
999 |c manes:44136  |d 44136